| 000 | 00518nam a2200181 a 4500 | ||
|---|---|---|---|
| 005 | 20250901165436.0 | ||
| 008 | 971028s1998 txua b 001 0 eng | ||
| 010 | _a 97065945 | ||
| 020 | _a0030245931 | ||
| 050 | 0 | 0 |
_aHD31 .D138 1998 _b.D138 1998 |
| 082 | 0 | 0 |
_a658 _221 |
| 100 | 1 | _aDaft, Richard L. | |
| 245 | 1 | 0 |
_aUnderstanding management / _cRichard L. Daft, Dorothy Marcic. |
| 250 | _a2nd ed. | ||
| 260 |
_aFort Worth : _bDryden Press, _cc1998. |
||
| 300 |
_axxxix, 643 p. : _bcol. ill. ; _c26 cm. |
||
| 942 | _2lcc | ||
| 999 |
_c4043 _d4043 |
||